00632nam a2200157 a 450000100100000000500170001000800410002704000250006811101030009324500410019626000790023730000270031604900090034395201050035299900170045700003429520200930073626.0110930s1982 dr 000 0 spa d aDO-SdBNPbspacBNPHU1 aExposición colectiva en homenaje a la Cotal '82.n(1982 :d1-30 de juniocSanto Domingo )95972810aPlastica dominicana contemporánea. aSanto Domingo :bVoluntariado de las Casas Reales,c1982.fAmigo del Hogar a88 p. :bil. ;c28 cm. aBNPD 0010718PDaPDbPDcHDd2011-09-30iLF1l0o p34295-10r2020-06-25w2020-06-25yLFPDZNo se presta c33786d33786